| 000 | 00679nac a22002297a 4500 | ||
|---|---|---|---|
| 001 | BR3500006 | ||
| 003 | BR-BrBNA | ||
| 005 | 20240105112807.0 | ||
| 008 | 230509b bl.|||m| |||| 00| 0 por d | ||
| 040 |
_aBR-BrBNA _bpor _cBiblioteca Nacional de Agricultura |
||
| 072 | _aA00 | ||
| 090 | _aA00 BR3500006 | ||
| 100 | 1 | _aAnon. | |
| 245 | 1 | _aAlmanaque agricola brasileiro. 1934-1935 | |
| 260 | 3 |
_aSao Paulo, SP (Brasil): _bEd. Chacaras e Quintaes, _c[nd]. |
|
| 300 | _a304 p. | ||
| 490 |
_aAlmanaque Agricola Brasileiro (Brazil) _vv. 23 _x |
||
| 500 | _aPublished 1935? | ||
| 650 | _aAgricultura | ||
| 909 |
_a202312 _bLúcia Elande _c55 _dLúcia Elande |
||
| 942 |
_2AGRIS _n0 _cMS |
||
| 999 |
_c260325 _d260325 |
||